000 00293nam a22001337a 4500
008 170608b xxu||||| |||| 00| 0 eng d
020 _a2900321243422
041 _aeng
080 _a93
100 _a18
101 _aSHH
245 _aSOURCES OF THE WEST
_cKISHLANSKY, M.A
942 _2udc
_cBK
999 _c16565
_d16565